000 00514nam a2200181Ia 4500
999 _c27314
_d27314
003 OSt
005 20210315124101.0
008 190216s9999||||xx |||||||||||||| ||und||
020 _a8171305008
040 _coclc
082 _a894.8123
_bRAM/Y
100 _aRamakrishnan, Malayatoor
_96469
245 0 _aYakshi /
_cMalayatoor Ramakrishnan
260 _bD C Books,
_c1999.
_aKottayam:
300 _a168p
650 _aMalayalam Novel
942 _cBK
_2ddc
_h894.8123
_iRAM/Y
_k894.8123
_mRAM/Y